Statistics for Game of thrones characters last words #1

Click here to take the quiz!

General Stats

  • This quiz has been taken 61 times
  • The average score is 6 of 14

Answer Stats

HintAnswer% Correct
Dany please!viserys targaryen
86%
Give me something for the pain and let me dierobert baratheon
82%
Joffrey baratheon is the one true heir to the iron throneEddard stark
73%
gods help you Theon greyjoy, now you are truly lostrodrick cassel
50%
You’ve got to carry melommy
45%
Kill me and be cursed, you are no king of minerickard karstark
36%
What do we say to the god of deathsyrio forell
36%
I always hated crossbows, take too long to loadyoren
30%
why did you bring her here! why!Lysa arryn
27%
I wish you good fortune in the wars to comeMance rayder
27%
I shall have your head for thisjeor mormont
23%
If you threaten my lord againjory cassel
23%
I‘ve got one, right through the heart, he’s deadPyp
23%
we are the watchers on the wallQhorin halfhand
18%

Score Distribution

Percentile by Number Answered

Percent of People with Each Score

Your Score History

You have not taken this quiz